Očakávané trendy vo vývoji dopravných a logistických služieb na Slovensku
V oblasti dopravných služieb sú trendy diktované používanými logistickými technológiami. Dnes sa najviac presadzujú dve technológie &just in time a Hub and spoke. V rámci týchto technológií možno očakávať v dopravných službách zvyšujúci sa podiel kusových zásielok a zmenšovanie objemu prepravovaných...
Saved in:
| Main Author: | |
|---|---|
| Format: | Book Chapter |
| Language: | Slovak |
| Subjects: | |
| Tags: |
No Tags, Be the first to tag this record!
|
MARC
| LEADER | 00000naa$a2200000$$$4500 | ||
|---|---|---|---|
| 001 | 0058247 | ||
| 005 | 20231006122019.3 | ||
| 041 | 0 | |a slo | |
| 044 | |a SK | ||
| 245 | 1 | 0 | |a Očakávané trendy vo vývoji dopravných a logistických služieb na Slovensku |c Tomáš Moravčík |
| 520 | |a V oblasti dopravných služieb sú trendy diktované používanými logistickými technológiami. Dnes sa najviac presadzujú dve technológie &just in time a Hub and spoke. V rámci týchto technológií možno očakávať v dopravných službách zvyšujúci sa podiel kusových zásielok a zmenšovanie objemu prepravovaných zásielok. Kľúčom k úspechu je dopravná sieť. Slovensko má dobré vyhliadky. | ||
| 610 | 2 | 0 | |a vývoj |
| 610 | 2 | 0 | |a služby dopravné |
| 610 | 2 | 0 | |a služby logistické |
| 610 | 2 | 0 | |a Slovensko |
| 610 | 2 | 0 | |a siete dopravné |
| 610 | 2 | 0 | |a doprava železničná |
| 610 | 2 | 0 | |a outsourcing |
| 100 | 1 | |a Moravčík, Tomáš | |